|
|
|
|
| LEADER |
00935nam a22002177a 4500 |
| 001 |
AAL3649 |
| 003 |
BD-DhAAL |
| 005 |
20160319183016.0 |
| 008 |
160319s 2001bg a|||| |||| 00| 0 ben d |
| 040 |
|
|
|a BD-DhAAL
|c BD-DhAAL
|
| 082 |
|
|
|a 305.89144
|
| 100 |
|
|
|a দ্রং, সঞ্জীব
|9 18630
|
| 245 |
|
|
|a বাংলাদেশের বিপন্ন আদিবাসী /
|c সঞ্জীব দ্রং
|
| 260 |
|
|
|a ঢাকা :
|b নওরোজ কিস্তাবিতান,
|c ২০০১
|
| 300 |
|
|
|a ২৫৪ পৃ. :
|b চিত্র ;
|c ২২ সে.মি.
|
| 541 |
|
|
|e 3649
|
| 650 |
|
|
|a আদিবাসী
|y বাঙালী
|9 18631
|
| 852 |
|
|
|a Savar Campus Library
|c General Stacks
|
| 942 |
|
|
|2 ddc
|c BK
|
| 999 |
|
|
|c 37163
|d 37163
|
| 952 |
|
|
|0 0
|1 0
|2 ddc
|4 0
|6 305_891440000000000_DRN
|7 0
|9 58435
|a SCL
|b SCL
|c GEN
|d 2016-03-19
|g 150.00
|l 3
|m 1
|o 305.89144 DRN
|p 3020003649
|r 2018-10-18
|s 2018-10-03
|t 1
|w 2016-03-19
|y BK
|